[Event "Rimavska Sobota"]
[Site "Rimavska Sobota"]
[Date "1977.??.??"]
[Round "7"]
[White "Schinzel, Wladyslaw"]
[Black "Szymczak, Zbigniew"]
[Result "0-1"]
[WhiteElo "2375"]
[BlackElo "2390"]

1.Nf3 g6 2.g3 Bg7 3.Bg2 Nf6 4.c4 O-O 5.O-O d5 6.cxd5 Nxd5 7.d4 Nb6 8.Nc3 Nc6
9.e3 e5 10.d5 Ne7 11.e4 Bg4 12.h3 Bxf3 13.Qxf3 c6 14.g4 cxd5 15.exd5 f5 16.gxf5 gxf5
17.Rd1 e4 18.Qg3 Ng6 19.Bg5 Qd7 20.Ne2 Bxb2 21.Rab1 Be5 22.Qb3 f4 23.d6+ Kh8
24.Bxe4 f3 25.Bxf3 Qxh3 26.Bg2 Qh2+ 27.Kf1 Rxf2+ 28.Kxf2 Rf8+ 29.Ke1 Qxg2
30.Be3 Nh4 31.Bxb6 Nf3+ 32.Qxf3 Rxf3 33.Bd4 Rf1+ 34.Kd2 Rxd1+ 35.Kxd1 Bxd4
36.Nxd4 Qg1+ 37.Kc2 Qxd4 38.Rd1 Qa4+ 39.Kc1 Qd7 40.Kb2 Kg7  0-1

[Event "Rimavska Sobota"]
[Site "Rimavska Sobota"]
[Date "1977.??.??"]
[Round "8"]
[White "Liebert, Heinz"]
[Black "Szymczak, Zbigniew"]
[Result "1/2-1/2"]
[WhiteElo "2435"]
[BlackElo "2390"]

1.Nf3 Nf6 2.c4 g6 3.g3 Bg7 4.Bg2 O-O 5.O-O d6 6.d4 Nc6 7.Nc3 a6 8.d5 Na5
9.Nd2 c5 10.Qc2 Rb8 11.b3 b5 12.Bb2 bxc4 13.bxc4 Bh6 14.Ncb1 Bd7 15.Bc3 Qc7
16.Qd3 Bg7 17.Na3 e6 18.Rab1 Rfc8 19.Rxb8 Rxb8 20.Rb1 Rxb1+ 21.Qxb1 h5 22.Qb2 e5
23.h4 Nb7 24.Nc2 Nd8 25.Ne1 Ng4 26.e4 f6 27.Qa3 Qb7  1/2-1/2

[Event "Hoogovens-B"]
[Site "Wijk aan Zee"]
[Date "1977.??.??"]
[Round "7"]
[White "Szmetan, Jorge"]
[Black "Van der Vliet, Fred"]
[Result "0-1"]
[WhiteElo "2435"]
[BlackElo "2340"]

1.Nf3 Nf6 2.c4 g6 3.g3 Bg7 4.Bg2 O-O 5.O-O d5 6.cxd5 Nxd5 7.d4 Nb6 8.Nc3 Nc6
9.e3 e5 10.d5 Na5 11.e4 c6 12.Bg5 f6 13.Be3 cxd5 14.Bxb6 Qxb6 15.Nxd5 Qd8
16.Rc1 Nc6 17.Qb3 Rf7 18.Rfd1 Be6 19.h4 Kh8 20.Bf1 Rd7 21.Bb5 Rd6 22.Qa4 Bxd5
23.Rxd5 Rxd5 24.exd5 Ne7 25.Qb3 Nf5 26.Bf1 e4 27.Ne1 b6 28.Bg2 Nd4 29.Qc4 f5
30.Kf1 Qd7 31.f3 Re8 32.Rd1 b5 33.Qb4 Qxd5 34.f4 a5 35.Qxa5 Qc4+ 36.Kg1 Qe2
37.Qd2  0-1

[Event "FRG-ch"]
[Site "Bad Neuenahr"]
[Date "1978.??.??"]
[Round "4"]
[White "Podzielny, Karl Heinz"]
[Black "Ostermeyer, Peter"]
[Result "1/2-1/2"]
[WhiteElo "2315"]
[BlackElo "2400"]

1.c4 Nf6 2.Nf3 g6 3.g3 Bg7 4.Bg2 O-O 5.O-O d6 6.Nc3 Nbd7 7.d4 c6 8.e4 e5
9.h3 exd4 10.Nxd4 Re8 11.Re1 a5 12.Be3 Nc5 13.Qc2 a4 14.Rad1 Qa5 15.Bf4 Rd8
16.Rd2 Ne8 17.Red1 Bxd4 18.Rxd4 Ne6 19.Rxd6 Nxd6 20.Bxd6 Ng7 21.Rd4 Ne8 22.Bb4 Rxd4
23.Bxa5 Rxa5 24.Nxa4 Be6 25.b3 Ra8 26.Kf1 Rad8 27.Ke2 h5 28.Nc3 Nc7 29.Ke3 R4d7
30.Bf1 f5 31.e5 Bf7 32.Be2 Ne6 33.f4 Rd4 34.h4 Nc5 35.Bf3 Rd3+ 36.Ke2 Kh7
37.Nb1 R3d4 38.Nc3 Rd3 39.Qb2 Kg7 40.Qc2 Kh7  1/2-1/2

[Event "FRG-ch"]
[Site "Bad Neuenahr"]
[Date "1978.??.??"]
[Round "10"]
[White "Feustel, Bernd"]
[Black "Ostermeyer, Peter"]
[Result "0-1"]
[WhiteElo "2350"]
[BlackElo "2400"]

1.Nf3 Nf6 2.c4 g6 3.g3 Bg7 4.Bg2 O-O 5.O-O d6 6.Nc3 e5 7.b4 c6 8.Rb1 a6 9.c5 e4
10.Ne1 d5 11.Na4 Bf5 12.Nb6 Ra7 13.Bb2 Nbd7 14.Nc2 Nxb6 15.cxb6 Ra8 16.Bd4 Nd7
17.Rb3 Nxb6 18.Qa1 Bxd4 19.Qxd4 Nd7 20.Ne3 Be6 21.f4 exf3 22.Rxf3 a5 23.g4 axb4
24.Nf5 f6 25.Nh6+ Kg7 26.Rbe3 c5 27.Qf4 g5 28.Qd6 Ra6 29.Rxe6 Rxd6 30.Nf5+ Kh8
31.Rxd6 Qc7 32.Re3 Ne5 33.Bxd5 c4 34.Be4 c3 35.dxc3 Nc4  0-1

[Event "Beersheba"]
[Site "Beersheba"]
[Date "1978.??.??"]
[Round "13"]
[White "Birnboim, Nathan"]
[Black "Pasman, Michael"]
[Result "1/2-1/2"]
[WhiteElo "2465"]
[BlackElo "2395"]

1.c4 Nf6 2.Nf3 g6 3.g3 Bg7 4.Bg2 O-O 5.O-O d6 6.d4 Nbd7 7.Nc3 e5 8.Qc2 exd4
9.Nxd4 Nb6 10.Qd3 Nfd7 11.b3 Qf6 12.e3 c5 13.Ne4 Qe7 14.Nc2 Bxa1 15.Nxa1 Ne5
16.Qxd6 Qxd6 17.Nxd6 Rd8 18.Ne4 Nd3 19.Ba3 Bd7 20.Bxc5 Nxc5 21.Nxc5 Bc6 22.Nxb7 Bxg2
23.Kxg2 Rd2 24.a4 Rc8 25.Rc1 Nd5 26.Nc2 Nf6 27.Nd4 Ng4 28.Nd6 Rb8 29.Ne4 Nxe3+
30.Kf3 Rxd4 31.fxe3 Rd3 32.c5 f5 33.Nd6 Kf8 34.b4 Ke7 35.b5 Rd2 36.h4 Ra2
37.Rc4 Ke6 38.Rb4 h6 39.a5 g5 40.hxg5 hxg5 41.g4 fxg4+ 42.Kxg4 Rf8 43.a6 Ra1
44.Kg3 Kd5 45.Rc4 Ra3 46.Kg4 Rxe3 47.b6 axb6 48.cxb6 Kxd6 49.b7 Ree8 50.a7 Rb8  1/2-1/2

[Event "Bogota"]
[Site "Bogota"]
[Date "1978.??.??"]
[Round "?"]
[White "Szmetan, Jorge"]
[Black "Zapata, Alonso"]
[Result "1/2-1/2"]
[WhiteElo "2420"]
[BlackElo "2355"]

1.Nf3 Nf6 2.c4 g6 3.g3 Bg7 4.Bg2 O-O 5.O-O d6 6.d4 Nc6 7.Nc3 a6 8.b3 Rb8
9.Bb2 b5 10.cxb5 axb5 11.Rc1 Bd7 12.Ne1 Nb4 13.Qd2 c5 14.dxc5 dxc5 15.Nd3 Be6
16.Rfd1 Nxd3 17.exd3 Qb6 18.Ne4 Nxe4 19.Bxe4 Bxb2 20.Qxb2 Rfd8 21.Qe5 Rbc8
22.h4 Rd4 23.h5 f6 24.Qf4 Kg7 25.hxg6 hxg6 26.Kg2 Qd6 27.Qe3 Bg8 28.Bf3 Bd5
29.Bxd5 Qxd5+ 30.Qf3 Rd8 31.Qxd5 R8xd5 32.Re1 Kf7 33.Re3 e5 34.Kf1 f5 35.Ke2 f4
36.gxf4 exf4 37.Re4 f3+ 38.Kxf3 Rxd3+ 39.Kg2 Rd2 40.Rf4+  1/2-1/2

[Event "Bogota"]
[Site "Bogota"]
[Date "1978.??.??"]
[Round "?"]
[White "Szmetan, Jorge"]
[Black "Velandia, Norberto"]
[Result "1/2-1/2"]
[WhiteElo "2420"]
[BlackElo "2220"]

1.Nf3 Nf6 2.c4 g6 3.g3 Bg7 4.Bg2 O-O 5.O-O c6 6.d4 d5 7.cxd5 cxd5 8.Ne5 Ne4
9.Be3 Nd7 10.Nd3 b6 11.Qa4 Bb7 12.Rc1 a6 13.Nc3 e6 14.Bf4 g5 15.Nxe4 dxe4
16.Bc7 Qe7 17.Ne5 b5 18.Qa5 Nxe5 19.dxe5 Rfc8 20.Qb6 Bd5 21.Bd6 Qb7 22.Qe3 h6
23.b3 f6 24.Qd4 f5 25.e3 Rc6 26.Ba3 Rac8 27.h3 Qb8 28.Rxc6 Rxc6 29.Rc1 Bxe5
30.Qd2 Rxc1+ 31.Qxc1 Qc7 32.Qxc7 Bxc7 33.Bf1 Kf7 34.Bc5 Kf6 35.a4 Bc6 36.axb5 Bxb5
37.Bxb5 axb5 38.Bf8 h5 39.Kf1 Ke5 40.Bh6 Bd8 41.Ke2 g4 42.h4 Be7 43.Bg7+ Kd5
44.Bb2 Bb4 45.Kd1 e5 46.Ke2 Ke6 47.Kd1  1/2-1/2

[Event "Buenos Aires ol (Men)"]
[Site "Buenos Aires"]
[Date "1978.??.??"]
[Round "?"]
[White "Perez Nivar, Marco T"]
[Black "Duchesne, EL."]
[Result "0-1"]
[WhiteElo "2200"]
[BlackElo "2200"]

1.Nf3 Nf6 2.c4 g6 3.g3 Bg7 4.Bg2 O-O 5.Nc3 c6 6.O-O d5 7.cxd5 cxd5 8.d4 Ne4
9.e3 Nxc3 10.bxc3 Qc7 11.Qb3 e6 12.Ba3 Rd8 13.Nd2 Nc6 14.e4 dxe4 15.Nxe4 b6
16.Rfd1 Bb7 17.Rac1 Na5 18.Qb1 Nc4 19.Bb2 Rac8 20.Ba1 Bh6 21.f4 f5 22.Ng5 Bxg2
23.Kxg2 Bxg5 24.fxg5 Ne3+ 25.Kf2 Nxd1+ 26.Rxd1 f4 27.g4 f3 28.Rh1 Qf4 29.Qe1 Qxg4
30.Rg1 Qf5 31.Qd2 e5 32.d5 e4 33.Rd1 Re8 34.Re1 Qg4 35.Kf1 Qh3+  0-1

[Event "Buenos Aires ol (Men)"]
[Site "Buenos Aires"]
[Date "1978.??.??"]
[Round "?"]
[White "Fernandez, A."]
[Black "Sigurjonsson, Gudmundur"]
[Result "1/2-1/2"]
[WhiteElo "2310"]
[BlackElo "2500"]

1.Nf3 Nf6 2.c4 g6 3.g3 Bg7 4.Bg2 O-O 5.O-O d6 6.d4 Nc6 7.d5 Na5 8.Nfd2 c5
9.Nc3 e5 10.Qc2 Ne8 11.e4 f5 12.exf5 gxf5 13.b3 a6 14.Bb2 Rb8 15.Nd1 b5 16.f4 e4
17.Bxg7 Nxg7 18.Qc3 bxc4 19.bxc4 Qf6 20.Qxf6 Rxf6 21.Ne3 Rb2 22.Rf2 Rb4 23.Rb1 Ra4  1/2-1/2

[Event "Buenos Aires ol (Men)"]
[Site "Buenos Aires"]
[Date "1978.??.??"]
[Round "?"]
[White "Chudleigh, N."]
[Black "Jhunjhnuwala, Naresh"]
[Result "0-1"]
[WhiteElo "2200"]
[BlackElo "2200"]

1.Nf3 Nf6 2.g3 g6 3.c4 Bg7 4.Bg2 O-O 5.O-O d5 6.d4 c6 7.b3 Nbd7 8.Nc3 dxc4
9.bxc4 Nb6 10.Qd3 Be6 11.Nd2 Nh5 12.e3 Qd7 13.Ba3 Rfe8 14.Rab1 Rad8 15.Bc5 Nc8
16.Rb3 b6 17.Ba3 Bh3 18.Rd1 Bxg2 19.Kxg2 e5 20.d5 f5 21.f3 Nf6 22.e4 cxd5
23.cxd5 fxe4 24.fxe4 Qg4 25.h3 Qd7 26.Nf3 h6 27.Bb2 Nd6 28.Nd2 Rc8 29.Nb5 Bf8
30.Nxd6 Bxd6 31.Nc4 Qe7 32.Nxd6 Qxd6 33.Ba3 Qd7 34.Qd2 Kg7 35.Rb4 Rc5 36.Bc1 g5
37.Qe3 Rc2+ 38.Bd2 Rec8 39.a3 Ra2 40.g4 Rcc2 41.Kf3 Nh5 42.Rb3 Qf7+ 43.Ke2 Nf4+
44.Kf2 Nxd5+ 45.Qf3 Nf4 46.Ke1 Ng2+ 47.Ke2 Qc4+ 48.Kf2 Rxd2+ 49.Rxd2 Rxd2+
50.Kg3 Ne1  0-1

[Event "Buenos Aires ol (Women)"]
[Site "Buenos Aires"]
[Date "1978.??.??"]
[Round "?"]
[White "Herstein, Ruth"]
[Black "Ivanka Budinsky, Maria"]
[Result "0-1"]
[WhiteElo "2080"]
[BlackElo "2250"]

1.Nf3 Nf6 2.g3 g6 3.Bg2 Bg7 4.c4 O-O 5.O-O c5 6.Nc3 Nc6 7.d4 cxd4 8.Nxd4 Qb6
9.Nc2 d6 10.b3 Qa5 11.Bb2 Ng4 12.Na4 Qh5 13.h3 Nf6 14.e4 Qh6 15.g4 Ne5 16.Ne3 Qh4
17.f4 Bxg4 18.hxg4 Nfxg4 19.Nxg4 Nxg4 20.Rf3 Qh2+ 21.Kf1 Bxb2 22.Nxb2 Qh4
23.Ke2 Nh2 24.Rf2 Ng4 25.Rf1 Qg3 26.Bf3 Qh2+ 27.Kd3 Nf2+ 28.Rxf2 Qxf2 29.Qe2 Qxe2+
30.Kxe2 e5 31.Nd3 exf4 32.Nxf4 Rfe8 33.Kd3 Re5 34.Rh1 Rae8 35.Nd5 Kg7 36.Nc7 Rd8
37.Rg1 a6 38.Kd4 Rc8 39.Nd5 Rce8 40.Nf4 Rc8 41.Nh5+ Kf8 42.Nf6 Kg7 43.Nd7 Re7
44.Nb6 Rh8 45.Nd5 Ree8 46.Ke3 h5 47.Nf4 Kh6 48.Rd1 Rd8 49.Rd5 Rhe8 50.b4 h4
51.Kd4 b6 52.a4 Re5 53.Rxe5 dxe5+ 54.Kxe5 f6+ 55.Kxf6 Rf8+ 56.Ke5 g5 57.Bg2 Rxf4
58.c5 bxc5 59.bxc5 Rf2 60.Bh3 Kh5 61.Bd7 g4 62.Kd6 g3 63.c6 g2 64.e5 g1=Q
65.e6 Qg3+ 66.Ke7 Qa3+ 67.Kd8 Qd6 68.e7 Qb8+  0-1

[Event "URS-ch sf"]
[Site "Daugavpils"]
[Date "1978.??.??"]
[Round "?"]
[White "Petrosian, Arshak B"]
[Black "Katalymov, Boris N"]
[Result "0-1"]
[WhiteElo "2415"]
[BlackElo "2200"]

1.Nf3 Nf6 2.c4 g6 3.g3 Bg7 4.Bg2 O-O 5.O-O c6 6.b3 a5 7.Bb2 Na6 8.a3 Rb8
9.d3 b5 10.Qc2 Qb6 11.cxb5 Qxb5 12.Nfd2 Qh5 13.Nf3 d6 14.Nbd2 Bh3 15.Bxh3 Qxh3
16.Qxc6 Nc5 17.Bxf6 Bxf6 18.Rab1 Qe6 19.Ne4 Nxb3 20.Qa4 Bg7 21.Neg5 Qd5 22.Qh4 h6
23.Ne4 Rb7 24.Ned2 Nxd2 25.Nxd2 Rxb1 26.Nxb1 Qa2 27.Qxe7 Rb8 28.Qxd6 Rxb1
29.Qd8+ Bf8 30.Qxa5 Qxa3 31.Qd5 Qc5 32.Qf3 Rb6 33.e3 Kg7 34.d4 Qc2 35.h4 h5
36.Qd5 Re6 37.Qb5 Qe4 38.Qb1 Qf3 39.Qd1 Qd5 40.Qd3 Bd6 41.Re1 Bxg3  0-1

[Event "URS-ch sf"]
[Site "Daugavpils"]
[Date "1978.??.??"]
[Round "?"]
[White "Godes, Dmitry R"]
[Black "Chekhov, Valery A"]
[Result "1/2-1/2"]
[WhiteElo "2405"]
[BlackElo "2470"]

1.Nf3 Nf6 2.g3 g6 3.Bg2 Bg7 4.c4 O-O 5.O-O c6 6.d4 d6 7.e3 Nbd7 8.b3 a5 9.Nc3 Re8
10.Bb2 Qc7 11.Nd2 e5 12.Re1 Rb8 13.Rc1 h5 14.a3 Nh7 15.b4 Ndf6 16.c5 axb4
17.axb4 exd4 18.exd4 Rxe1+ 19.Qxe1 d5 20.Nf3 Bf5 21.b5 Re8 22.Qd1 Ne4 23.Qa4 Nxc3
24.Bxc3 Be4 25.Re1 Qd7 26.b6 Nf8 27.Qa7 Ne6 28.Qa1 Qd8 29.h4 Bf6 30.Qb2 Kh7
31.Qd2 Re7 32.Nh2 Bxg2 33.Kxg2 Ng7 34.Rxe7 Qxe7 35.Qe3 Qd8 36.Nf3 Ne6 37.Ne5 Kg7
38.f4 Bxe5 39.Qxe5+ Qf6 40.Kf3 Nf8 41.Be1 Nd7 42.Qxf6+ Kxf6 43.Bd2 Kf5 44.Be3 Nf6
45.Bd2 Ne4 46.Bb4 f6 47.Ba5 g5 48.Be1 Kg6 49.Ke3 Kg7 50.f5  1/2-1/2

[Event "Eerbeek"]
[Site "Eerbeek"]
[Date "1978.??.??"]
[Round "5"]
[White "Kelecevic, Nedeljko"]
[Black "Baljon, Christofoor"]
[Result "1-0"]
[WhiteElo "2410"]
[BlackElo "2220"]

1.Nf3 Nf6 2.c4 g6 3.g3 Bg7 4.Bg2 O-O 5.O-O d6 6.d4 Nbd7 7.Nc3 e5 8.e4 c6
9.h3 Re8 10.Re1 Qa5 11.d5 c5 12.Rb1 a6 13.a3 Qc7 14.Bf1 Nf8 15.b4 b6 16.Be3 Bd7
17.a4 Reb8 18.Nd2 Qc8 19.Kh2 Ne8 20.Qc2 Bf6 21.Rb3 a5 22.bxc5 bxc5 23.Nb5 Qd8
24.h4 Be7 25.Bh3 Nc7 26.Bh6 Na6 27.f4 Nb4 28.Qd1 Bxh3 29.Kxh3 Nd7 30.Rf3 Bf8
31.Bxf8 Qxf8 32.f5 Qe7 33.Ref1 f6 34.R1f2 Rb7 35.Nf1 Rf8 36.fxg6 hxg6 37.g4 Kg7
38.Ne3 Rh8 39.h5 Kg8 40.Kg2 f5 41.exf5 e4 42.Rf4 Nd3 43.fxg6 Qg5 44.Qf1 Nxf4+
45.Rxf4 Rxh5 46.Rf5 Qxe3 47.Rxh5 Qf3+ 48.Qxf3 exf3+ 49.Kxf3 Ne5+ 50.Rxe5 dxe5
51.Ke4 Rg7 52.d6 Kf8 53.Nc7 Rxg6 54.Kxe5 Rxg4 55.Kd5 Kf7 56.Kxc5 Kf6 57.Kb5 Ke5
58.d7  1-0

[Event "DDR-ch 27th"]
[Site "Eggesin/Torgelow"]
[Date "1978.??.??"]
[Round "8"]
[White "Liebert, Heinz"]
[Black "Vogt, Lothar"]
[Result "1-0"]
[WhiteElo "2420"]
[BlackElo "2520"]

1.Nf3 Nf6 2.c4 g6 3.g3 Bg7 4.Bg2 O-O 5.O-O d6 6.d4 Nbd7 7.Nc3 e5 8.b3 Re8
9.Qc2 c6 10.Rd1 e4 11.Ng5 e3 12.fxe3 Ng4 13.e4 Bh6 14.Nh3 Be3+ 15.Kh1 c5
16.dxc5 Nxc5 17.Nd5 Bxc1 18.Rdxc1 Be6 19.Nhf4 Bxd5 20.Nxd5 Nxe4 21.Bxe4 Nf2+
22.Kg2 Nxe4 23.Rf1 f5 24.Rad1 Re5 25.Rd4 Qg5 26.Rxe4 fxe4 27.h4 Qd8 28.Nf6+ Kg7
29.Ng4 Qe7 30.Qd2 e3 31.Qd4 Re8 32.Rf3 h5 33.Nxe5 Qxe5 34.Rf4 a6 35.Kf3 Re6
36.Qxe5+ dxe5 37.Re4 Kf6 38.c5 Rc6 39.Rb4 Rxc5 40.Rxb7 a5 41.Ra7 Kf5 42.Ra6 g5
43.Rh6 e4+ 44.Kxe3 Kg4 45.Rg6 Rc3+ 46.Kf2 a4 47.Rxg5+ Kh3 48.bxa4 Ra3 49.a5  1-0

[Event "Esbjerg"]
[Site "Esbjerg"]
[Date "1978.??.??"]
[Round "5"]
[White "Rodgaard, John"]
[Black "Fries Nielsen, Jens Ove"]
[Result "1/2-1/2"]
[WhiteElo "2320"]
[BlackElo "2260"]

1.c4 Nf6 2.Nf3 g6 3.g3 Bg7 4.Bg2 O-O 5.Nc3 d6 6.Rb1 c6 7.O-O d5 8.b3 Re8
9.Bb2 e5 10.cxd5 cxd5 11.d4 e4 12.Ne1 Nc6 13.Nc2 h5 14.h4 Ng4 15.Bc1 Be6
16.Bf4 Rc8 17.Qd2 Bf5 18.Rb2 a6 19.Rc1 b5 20.b4 Qd7 21.Rd1 Nd8 22.f3 Nf6
23.Ne3 exf3 24.exf3 Bh3 25.a4 Bxg2 26.Kxg2 Nb7  1/2-1/2

[Event "Esbjerg"]
[Site "Esbjerg"]
[Date "1978.??.??"]
[Round "7"]
[White "Rodgaard, John"]
[Black "Ogaard, Leif"]
[Result "1/2-1/2"]
[WhiteElo "2320"]
[BlackElo "2435"]

1.c4 Nf6 2.Nf3 g6 3.g3 Bg7 4.Bg2 O-O 5.O-O d5 6.cxd5 Nxd5 7.Nc3 Nc6 8.Nxd5 Qxd5
9.d3 Qb5 10.Rb1 Be6 11.b3 Nb4 12.Qd2 c5 13.Bb2 f6 14.a3 Nc6 15.b4 cxb4 16.axb4 Ba2
17.Ra1 Bd5 18.Bc3 Rfd8 19.Qb2 a5 20.bxa5 Qxb2 21.Bxb2 Nxa5 22.Nd2 Bxg2 23.Kxg2 Bh6
24.f4 g5 25.Kf3 Kf7 26.Bc3 Nc6 27.Rfb1 gxf4 28.gxf4 Rxa1 29.Bxa1 Ra8 30.Bc3 Ra3  1/2-1/2

[Event "Wch U20"]
[Site "Graz"]
[Date "1978.??.??"]
[Round "8"]
[White "Tiller, Bjorn"]
[Black "Mokry, Karel"]
[Result "1/2-1/2"]
[WhiteElo "2305"]
[BlackElo "2310"]

1.c4 Nf6 2.Nf3 g6 3.g3 Bg7 4.Bg2 O-O 5.O-O d6 6.Nc3 c5 7.d4 Nbd7 8.e4 a6
9.e5 dxe5 10.dxe5 Ng4 11.e6 fxe6 12.Qe2 Nde5 13.Nxe5 Nxe5 14.Be3 Qd3 15.Bxc5 Qxe2  1/2-1/2

[Event "DEN-ch"]
[Site "Horsens"]
[Date "1978.??.??"]
[Round "2"]
[White "Pedersen, Erik"]
[Black "Jakobsen, Ole"]
[Result "1/2-1/2"]
[WhiteElo "2200"]
[BlackElo "2400"]

1.Nf3 Nf6 2.g3 g6 3.Bg2 Bg7 4.c4 O-O 5.O-O Nc6 6.Nc3 d5 7.cxd5 Nxd5 8.d4 Nb6
9.Bf4 Be6 10.Qc1 Nxd4 11.Nxd4 Qxd4 12.Bxb7 Rab8 13.Bg2 Nc4 14.Rd1 Qf6 15.Bg5 Qe5
16.Bf4 Qa5 17.Nd5 Bxd5 18.Bxd5 Nd6  1/2-1/2

[Event "DEN-ch"]
[Site "Horsens"]
[Date "1978.??.??"]
[Round "5"]
[White "Fries Nielsen, Jens Ove"]
[Black "Kristiansen, Jens"]
[Result "1/2-1/2"]
[WhiteElo "2300"]
[BlackElo "2395"]

1.Nf3 Nf6 2.c4 g6 3.g3 Bg7 4.Bg2 O-O 5.O-O d6 6.Nc3 e5 7.d3 Nh5 8.Rb1 f5
9.Qc2 a5 10.a3 f4 11.b4 axb4 12.axb4 Bg4 13.b5 Nd7 14.Nd2 Nc5 15.Nb3 Nxb3
16.Qxb3 f3 17.exf3 Bxf3 18.c5+ Kh8 19.Bxf3 Rxf3 20.Qd5 Rf8 21.b6 c6 22.Qxd6 Qe8
23.Nd5 cxd5 24.Qxd5 Qf7 25.Qxf7 Rxf7 26.Bb2 Rc8 27.Rbc1 Rd7 28.Rfe1 Rc6 29.Bxe5 Bxe5
30.Rxe5 Nf6 31.Ra1 Kg7 32.Ra7 Kf7 33.d4 Nd5  1/2-1/2

[Event "DEN-ch"]
[Site "Horsens"]
[Date "1978.??.??"]
[Round "11"]
[White "Pedersen, Erik"]
[Black "Hoi, Carsten"]
[Result "0-1"]
[WhiteElo "2200"]
[BlackElo "2340"]

1.Nf3 g6 2.c4 Bg7 3.g3 Nf6 4.Bg2 O-O 5.O-O d6 6.Nc3 e5 7.d3 Nc6 8.Rb1 a5
9.a3 Re8 10.e4 h6 11.b4 axb4 12.axb4 Bg4 13.h3 Bxf3 14.Qxf3 Nd4 15.Qd1 c6
16.Be3 Ra3 17.Bxd4 exd4 18.Ne2 Nd7 19.Ra1 Qa8 20.Qc1 Rxa1 21.Qxa1 Ne5 22.Qb1 Qa3
23.Rd1 Nd7 24.Rd2 Ra8 25.b5 Nc5 26.bxc6 bxc6 27.e5 Qa1 28.Qxa1 Rxa1+ 29.Kh2 dxe5
30.Bxc6 h5 31.f4 h4 32.Kg2 hxg3 33.fxe5 Bh6 34.Rb2 Nxd3 35.Rb8+ Kg7 36.Nxd4 Bf4
37.Ra8 Rb1 38.Kf3 Nxe5+ 39.Kxf4 Nxc6  0-1

[Event "Jakarta"]
[Site "Jakarta"]
[Date "1978.??.??"]
[Round "?"]
[White "Mascarinas, Rico"]
[Black "Sharif, Mershad"]
[Result "0-1"]
[WhiteElo "2355"]
[BlackElo "2380"]

1.Nf3 Nf6 2.c4 g6 3.g3 Bg7 4.Bg2 O-O 5.O-O d6 6.d4 Nbd7 7.Nc3 e5 8.e4 c6
9.b3 exd4 10.Nxd4 Nc5 11.Re1 Re8 12.Bb2 a5 13.Qc2 Ng4 14.Rad1 Qb6 15.Na4 Nxa4
16.bxa4 Ne5 17.Ba3 Bf8 18.h3 Be6 19.Nxe6 Rxe6 20.Kh2 c5 21.f4 Nc6 22.e5 dxe5
23.Bd5 Nd4 24.Qe4 exf4 25.Bxe6 fxg3+ 26.Kg2 Nxe6 27.Rd7 Rd8 28.Rd5 Bd6 29.Rb1 Qc6
30.Bc1 Nc7 31.Bh6 Nxd5 32.cxd5 Qd7 33.Re1 Bf8 34.Bg5 Rc8 35.Bf6 c4 36.Bd4 Bg7
37.Bxg7 Kxg7 38.Qd4+ Kg8 39.d6 c3 40.Re7 Qc6+ 41.Kxg3 c2 42.Qf4 Qc3+ 43.Kh2 Rf8
44.Rc7 c1=Q 45.Qxc1 Qe5+ 46.Kg2 Qd5+ 47.Kg1 Qxd6 48.Kg2 Qd5+ 49.Kg3 Qxa2
50.Qf4 Qb3+ 51.Kg4 Rd8 52.Rc4 Rd5 53.Qc1 h5+ 54.Kh4 g5+  0-1

[Event "Jurmala"]
[Site "Jurmala"]
[Date "1978.??.??"]
[Round "9"]
[White "Gufeld, Eduard"]
[Black "Westerinen, Heikki MJ"]
[Result "1-0"]
[WhiteElo "2525"]
[BlackElo "2450"]

1.Nf3 Nf6 2.c4 g6 3.g3 Bg7 4.Bg2 O-O 5.O-O d6 6.d4 Nc6 7.Nc3 e5 8.d5 Ne7
9.e4 Nd7 10.b4 a5 11.bxa5 Rxa5 12.Nd2 Nc5 13.Nb3 Nxb3 14.Qxb3 f5 15.Bd2 b6
16.a4 fxe4 17.Nxe4 Ra6 18.c5 bxc5 19.Nxc5 dxc5 20.d6+ Kh8 21.dxe7 Qxe7 22.Qc4 Re6
23.Qe4 Ba6 24.Rfc1 Rd8 25.Be3 Bd3 26.Bxc5 Qf7 27.Qb7 e4 28.Ra3 Ba6 29.Qb4 Qf5
30.Re3 Bd3 31.a5 Rde8 32.h4 Qd5 33.Ree1 Ra6 34.Be3 Qxa5 35.Qxa5 Rxa5 36.Rxc7 Ra1
37.Rxa1 Bxa1 38.Bh6 Kg8 39.Bh3 Bf6 40.Bd7 Ra8 41.Be6+ Kh8 42.Bd5 Rd8 43.Rf7 Bd4
44.Kg2 Bb2 45.g4 Bd4 46.g5 Be5 47.Re7 Bc3 48.Kg3 Bd4 49.Kf4 Rb8 50.Be6 Rd8
51.h5 Bc2 52.Rc7 Bd3 53.hxg6 hxg6 54.Bf7 Bb6 55.Rc1 Ra8 56.Rh1 Bc7+ 57.Ke3 Bb6+
58.Kd2  1-0

[Event "Kiev"]
[Site "Kiev"]
[Date "1978.??.??"]
[Round "10"]
[White "Romanishin, Oleg M"]
[Black "Kuzmin, Gennadi P"]
[Result "1-0"]
[WhiteElo "2610"]
[BlackElo "2535"]

1.Nf3 Nf6 2.c4 g6 3.g3 Bg7 4.Bg2 O-O 5.d4 c6 6.Nc3 d5 7.cxd5 cxd5 8.Ne5 Nbd7
9.O-O Nxe5 10.dxe5 Ng4 11.Qxd5 Nxe5 12.Qc5 Qd6 13.Qxd6 exd6 14.Bg5 Nc4 15.Rac1 Be6
16.Nd5 Nxb2 17.Nc7 Rac8 18.Bxb7 Rb8 19.Ba6 Rb6 20.Be3 Rxa6 21.Nxa6 Bxa2 22.Nb4 Bc4
23.Nd3 Bxd3 24.exd3 Nxd3 25.Rc6 d5 26.Rd6 Nb4 27.Bxa7 Rc8 28.Rd1 Be5 29.Rd7 Rc4
30.Re1 Bf6 31.Re8+ Kg7 32.Rb8 Nc6 33.Rbb7 Nd8 34.Rb6 Nc6 35.Rbb7 Nd8 36.Rbc7 Rxc7
37.Rxc7 Ne6 38.Rd7 d4 39.f4 h5 40.Kg2 Kf8 41.Kf3  1-0

[Event "Aaronson"]
[Site "London"]
[Date "1978.??.??"]
[Round "7"]
[White "Norman, Kenneth I"]
[Black "Rayner, Emmanuel"]
[Result "0-1"]
[WhiteElo "2250"]
[BlackElo "2345"]

1.Nf3 Nf6 2.c4 g6 3.g3 Bg7 4.Bg2 O-O 5.O-O Nc6 6.d4 d6 7.Nc3 a6 8.d5 Na5
9.Nd2 c5 10.Qc2 Rb8 11.b3 b5 12.Bb2 bxc4 13.bxc4 Bh6 14.f4 e5 15.Rae1 exf4
16.gxf4 Nh5 17.e3 Bg7 18.Nd1 Bxb2 19.Nxb2 f5 20.Nd3 Qf6 21.Kh1 Bd7 22.Rg1 Qg7
23.Ref1 Ng3+  0-1

[Event "Lvov zt"]
[Site "Lvov"]
[Date "1978.??.??"]
[Round "3"]
[White "Kochyev, Alexander"]
[Black "Kuzmin, Gennadi P"]
[Result "1/2-1/2"]
[WhiteElo "2555"]
[BlackElo "2535"]

1.Nf3 Nf6 2.g3 g6 3.Bg2 Bg7 4.c4 O-O 5.O-O c6 6.d4 d5 7.cxd5 cxd5 8.Ne5 Ng4
9.Nxg4 Bxg4 10.h3 Bd7 11.e3 Nc6 12.Nc3 e6 13.Na4 b6 14.Bd2 Qe7 15.Nc3 Rac8
16.Ne2 Rfd8 17.Nf4 Be8 18.Qb3 f6 19.Rfc1 Bf7 20.Qb5 Qd6 21.Nd3 Bf8 22.a3 Be8
23.Qa6 Qd7 24.Qa4 Qf7 25.Qb3 Rc7 26.Rc2 Rdc8 27.Rac1 g5 28.Bf1 Qd7 29.Qa2 Bg6
30.b4 Bd6 31.b5 Ne7 32.Rxc7 Rxc7 33.Rxc7 Qxc7 34.Bb4 Nf5 35.Bxd6 Nxd6 36.Qb2 Be8
37.a4 Ne4 38.Kg2 Bh5 39.Be2 Bxe2 40.Qxe2 Kg7 41.Qg4  1/2-1/2

[Event "SVK-ch"]
[Site "Presov"]
[Date "1978.??.??"]
[Round "4"]
[White "Petrik, Karol"]
[Black "Hlinka, M."]
[Result "1-0"]
[WhiteElo "2230"]
[BlackElo "2225"]

1.Nf3 Nf6 2.g3 g6 3.c4 Bg7 4.Bg2 O-O 5.O-O d6 6.d4 Nc6 7.Nc3 a6 8.d5 Na5
9.Nd2 c5 10.a3 Qc7 11.Qc2 Rb8 12.Rb1 Bd7 13.b3 b5 14.Bb2 bxc4 15.bxc4 Bh6
16.e3 Bf5 17.Nce4 Nxe4 18.Bxe4 Bxe4 19.Nxe4 Bg7 20.Bxg7 Kxg7 21.Kg2 Kg8 22.Qa4 h6
23.h4 Rfd8 24.Rfd1 Kg7 25.Nc3 e5 26.h5 gxh5 27.Rh1 Rxb1 28.Nxb1 Rb8 29.Qd1 Qe7
30.Rxh5 Qf6 31.Rh4 Rb2 32.Nd2 Qf5 33.Ne4 h5 34.Qe1 Nb7 35.Qc3 Rb6 36.Nd2 a5
37.e4 Qg6 38.Qc2 a4 39.Qxa4 Rb2 40.Qd1 Na5 41.Qc1 Rb8 42.Qc3 Ra8 43.Nf1 Kf8
44.Ne3 Ke7 45.Qb2 Kf8 46.Qe2 Nb3 47.Qxh5 Qxh5 48.Rxh5 Ra6 49.Nf5 f6 50.Rh6 Kf7
51.Rh7+ Ke8 52.Rh8+ Kd7 53.Rf8 Nd2 54.Rf7+ Ke8 55.Rxf6 Nxe4 56.Re6+ Kd7 57.f3 Nd2
58.g4 Nxc4 59.g5 Rxa3 60.g6 Ra2+ 61.Kh3 Kc7 62.Re8 Rf2 63.g7 Rxf3+ 64.Ng3  1-0

[Event "Sao Paulo"]
[Site "Sao Paulo"]
[Date "1978.??.??"]
[Round "2"]
[White "Smyslov, Vassily"]
[Black "Ivkov, Borislav"]
[Result "1/2-1/2"]
[WhiteElo "2575"]
[BlackElo "2515"]

1.Nf3 Nf6 2.c4 g6 3.g3 Bg7 4.Bg2 O-O 5.d4 d6 6.O-O Nc6 7.Nc3 e5 8.d5 Ne7
9.e4 Ne8 10.Ne1 f5 11.Nd3 Nf6 12.f3 h6 13.Kh1 g5 14.exf5 Bxf5 15.Be3 Qd7
16.Nf2 Kh8 17.Qd2 Neg8 18.Rac1 b6 19.b4 a5 20.a3 axb4 21.axb4 Ne7 22.Ra1 Bh7
23.Nfe4 Nf5 24.Bg1 Rxa1 25.Rxa1 Nd4 26.Ra7 Ne8 27.Qd1 Qf5 28.Ra8 Bg6 29.Bxd4 exd4
30.Ne2 Qe5 31.Nc1 Qe7 32.Nd3 Nf6 33.Rxf8+ Qxf8 34.b5 Qa8 35.Nxf6 Bxf6 36.Nf2 Qa2
37.Ne4 Be5 38.Bf1 Bxe4  1/2-1/2

[Event "Sao Paulo"]
[Site "Sao Paulo"]
[Date "1978.??.??"]
[Round "8"]
[White "Sunye Neto, Jaime"]
[Black "Najdorf, Miguel"]
[Result "1/2-1/2"]
[WhiteElo "2360"]
[BlackElo "2525"]

1.Nf3 Nf6 2.c4 g6 3.g3 Bg7 4.Bg2 O-O 5.O-O d6 6.Nc3 e5 7.d3 Re8 8.b3 Nc6
9.Bb2 Bf5 10.e4 Bg4 11.h3 Bxf3 12.Bxf3 Nd7 13.a3 Nd4 14.b4 a5 15.Bg2 c6 16.Ne2 axb4
17.axb4 Rxa1 18.Bxa1 Qa8 19.Nxd4 exd4 20.Qb3 Nb6 21.c5 Qa4 22.Qxa4 Nxa4 23.cxd6 Rd8
24.f4 Rxd6 25.Rc1 Nc3 26.e5 Ne2+ 27.Kf1 Nxc1 28.exd6 Kf8 29.b5 cxb5 30.Bxb7 b4
31.Ba6 Nb3 32.Bb2 Nc5 33.Bb5 Nb7 34.d7 Ke7 35.Ke2 Nc5 36.Kd2 Nxd7 37.Bxd7 Kxd7
38.Kc2 Kc6 39.Kb3 Kb5 40.Bc1 Bf8 41.Bd2 Bd6 42.Be1 h5 43.Bd2  1/2-1/2

[Event "Rilton Cup"]
[Site "Stockholm"]
[Date "1978.??.??"]
[Round "2"]
[White "Bjarnason, Saevar"]
[Black "Plachetka, Jan"]
[Result "0-1"]
[WhiteElo "2300"]
[BlackElo "2470"]

1.c4 Nf6 2.Nf3 g6 3.g3 Bg7 4.Bg2 O-O 5.O-O d6 6.Nc3 e5 7.d4 Nc6 8.d5 Ne7
9.e4 Nd7 10.Ne1 f5 11.Nd3 Kh8 12.Bd2 Nb6 13.b3 f4 14.g4 g5 15.f3 Ng6 16.Rf2 Nh4
17.Rc1 Nd7 18.b4 Nf6 19.c5 Bd7 20.a4 h5 21.h3 Rf7 22.b5 Qe7 23.c6 bxc6 24.bxc6 Bc8
25.Rb1 Bf8 26.Bf1 Nxf3+ 27.Qxf3 hxg4 28.hxg4 Bxg4 29.Rh2+ Rh7 30.Rxh7+ Qxh7
31.Qg2 Bh5 32.Rb7 Bg6 33.Nf2 g4 34.Nxg4 Nxg4 35.Qxg4 Bh5 36.Qh3 Be7 37.Be2 Rg8+
38.Kf2 f3 39.Bxf3 Rf8 40.Rb8 Rxb8 41.Qxh5 Qxh5 42.Bxh5 Rb2 43.Ke1 Rb4 44.Kd1 Bh4
45.Be3 a5 46.Kd2 Kg7 47.Kd3  0-1